KOHA-Header-6

Fundamentals Of Database Systems (Record no. 7856)

000 -LEADER
fixed length control field 00245nam a2200109Ia 4500
020 ## - INTERNATIONAL STANDARD BOOK NUMBER
ISBN 978-0133970777
100 ## - MAIN ENTRY--AUTHOR NAME
Personal name Elmasri, Navathe
245 #0 - TITLE STATEMENT
Title Fundamentals Of Database Systems
260 ## - PUBLICATION, DISTRIBUTION, ETC. (IMPRINT)
Place of publication USA
Name of publisher McGraw-Hill
Year of publication 2000
300 ## - PHYSICAL DESCRIPTION
Number of Pages 955
942 ## - ADDED ENTRY ELEMENTS (KOHA)
Koha item type Books
Holdings
Withdrawn status Lost status Collection code Permanent Location Current Location Shelving location Date acquired Full call number Accession Number Koha item type
    Database Systems MAJU MAJU Shelf No.B19 2019-09-12 005.2 2096 Computer Science

Powered by Koha